| 000 | 00649nam a2200205 i 4500 | ||
|---|---|---|---|
| 001 | 128062 | ||
| 003 | ES-MaACL | ||
| 005 | 20231226160444.0 | ||
| 008 | 070214s1971 xxu b |||| | spa d | ||
| 080 | _a016:929 Martí, José | ||
| 100 | 1 |
_aRipoll, Carlos. _997423 |
|
| 245 | 1 | 0 |
_aÍndice universal de la obra de José Martí / _cCarlos Ripoll. |
| 260 |
_aNew York : _bEliseo Torres & Sons, _c1971. |
||
| 300 |
_a263 p. ; _c21 cm. |
||
| 490 | 1 |
_aLiterary studies ; _v9 |
|
| 600 | 1 | 7 |
_aMartí, José, _d1853-1895- _vBibliografías _2 _9170937 |
| 830 | 1 |
_aLiterary studies ; _v9 _9186718 |
|
| 852 |
_aES-MaACL _jC-47043 |
||
| 999 |
_c128062 _d128062 |
||